| 000 | 01384nam a2200337 4500 | ||
|---|---|---|---|
| 001 | 0000023747 | ||
| 003 | CO-CtgCURN | ||
| 005 | 20250520171239.0 | ||
| 007 | ta | ||
| 008 | 160627s2011 000 0 eng d | ||
| 020 | _a9789562203272 | ||
| 040 |
_aCO-CtgCURN _bspa _ccoctgcurn |
||
| 082 | 0 |
_a617 _bF981 |
|
| 245 | 0 | 0 |
_aFundamentos del cuidado quirúrgico / _cPatricio Burdiles P...[et ... al]. |
| 260 |
_aSantiago de Chile : _bMediterraneo, _c2011. |
||
| 300 | _a601 p. | ||
| 336 | _2rdacontent | ||
| 337 |
_2rdamedia _asin mediacion _bn |
||
| 338 |
_2rdacarrier _avolumen _bnc |
||
| 504 | _aIncluye bibliografia. | ||
| 505 | 8 | _aAspectos historicos -- La celula -- Homeostasis normal y postquirurgica -- Respuesta a la injuria -- Fallas organicas y sistemicas en el paciente operado -- Bases del manejo pre y postoperatorio -- Introducción a la medicina basada en la evidencia -- Otras herramientas para la practica clinica | |
| 650 | 1 | 4 | _aCirugía. |
| 700 | 1 | _aBurdiles P, Patricio. | |
| 908 | _a160627 | ||
| 942 |
_cBK _h617 _iF981 _2ddc _n0 |
||
| 999 |
_c23092 _d23092 |
||